Bienvenue à la Médiathèque de Saint-Andiol
banniere
Accueil Recherche avancée Mon compte
handi1 Rechercher dans le catalogue

Filtre   Mots-clés
  Recherche avancée
 
Lister les dernières nouveautés
 
Lister les livres GROS CARACTERES
 
Lister les périodiques (magazines)

handi1 Coeur vanille

<< Retourner aux résultats de la recherche
Book Cover
Auteur principal : Véronique Grisseaux
Autres auteurs : Cathy Cassidy
Titre : Coeur vanille
Support : Livres
Langue : Francais
Series : Les Filles au chocolat
Genre : Bande Dessinée (enfants)
Sujets :
Étiquettes :
Pas de tags
LEADER 01162nam0a2200205 450
001 16868299
010 |a 978-2-8222-1601-2  |b cart.  |d 11,95 € 
100 |a 20161227d2022 u u0frey01 ba 
101 0 |a fre 
102 |a FR 
200 0 |a Coeur vanille  |f adaptation BD Véronique Grisseaux  |g d'après le roman Cathy Cassidy 
207 1 |a   
215 |a 1 vol. (46 p.)  |c illustrations en couleur  |d 31 x 23 cm 
330 |a Honey a 15 ans. Elle est l'aînée des soeurs Tanberry. Lunatique, égoïste, souvent triste, elle adore les drames, c'est une rebelle. Elle décide de rejoindre son père qui habite en Australie. Là-bas, elle découvrira que la vie n'est pas si rose. Son père a une nouvelle copine, son nouveau lycée est hyper strict. Et quand des photos compromettantes apparaissent mystérieusement sur sa page perso du réseau social SpiderWeb, c'est le cauchemar ! 
461 0 |t Les Filles au chocolat  |v 05 
700 0 |a Grisseaux  |b Véronique  |f 1959-....  |4 70 
701 0 |a Cassidy  |b Cathy  |4 100 
900 |a Bande Dessinée (enfants) 
901 |a Jeunesse 
995 |a Médiathèque  |c Médiathèque  |f 00156009390915  |h 00156009390915  |k BD FIL  |o p  |q j  |r az  |e Médiathèque